[Event "SR 4. liga A21 2010/2011"]
[Site "?"]
[Date "2011.02.20"]
[Round "9.6"]
[White "Dedacek, Miroslav"]
[Black "Danihel, Jozef"]
[Result "0-1"]
[WhiteElo "1595"]
[BlackElo "1552"]
[PlyCount "80"]
[EventDate "2010.??.??"]

1. e4 d5 2. exd5 Nf6 3. d4 Nxd5 4. Nf3 Bg4 5. Be2 e6 6. c3 Be7 7. h3 Bh5 8. Ne5
Bxe2 9. Qxe2 O-O 10. O-O Nd7 11. f4 c5 12. c4 N5f6 13. Nxd7 Qxd7 14. dxc5 Bxc5+
15. Be3 Qc6 16. Nd2 Ne4 17. Nxe4 Qxe4 18. Rf3 Bxe3+ 19. Rxe3 Qxf4 20. Re4 Qh6
21. Rd1 Rad8 22. Red4 Qf6 23. Rd7 Rxd7 24. Rxd7 Rb8 25. b4 a6 26. Qd1 e5 27.
Qd5 h6 28. Rxb7 Rd8 29. Qf3 Qe6 30. Qe2 e4 31. c5 e3 32. Rb6 Qe4 33. Rd6 Re8
34. Rd3 Qxd3 35. Qxd3 e2 36. Qxe2 Rxe2 37. a4 Rc2 38. Kf1 Kf8 39. g4 Ke7 40. h4
Kd7 0-1

[Event "SR 4. liga A21 2010/2011"]
[Site "?"]
[Date "2011.02.20"]
[Round "9.6"]
[White "Kubis, Ivan"]
[Black "Kicinja, Jan"]
[Result "1-0"]
[WhiteElo "1980"]
[BlackElo "1808"]
[PlyCount "71"]
[EventDate "2010.??.??"]

1. e4 c5 2. Nf3 Nc6 3. d4 cxd4 4. Nxd4 e6 5. Nc3 a6 6. Be2 Nge7 7. O-O Nxd4 8.
Qxd4 Nc6 9. Qe3 Nb4 10. Bd1 Qc7 11. a3 Nc6 12. Kh1 g6 13. f4 Bg7 14. e5 d5 15.
exd6 Qxd6 16. Bf3 O-O 17. Ne4 Qe7 18. c3 Rb8 19. Qb6 Qd8 20. Be3 f5 21. Nf2 Bd7
22. Rad1 Qxb6 23. Bxb6 Be8 24. Rfe1 Kf7 25. Nd3 Bd7 26. Nc5 Bc8 27. Nd7 Bxd7
28. Rxd7+ Kg8 29. Rxe6 Rfe8 30. Bd5 Kh8 31. g3 Rxe6 32. Bxe6 Re8 33. Bc4 Bf8
34. Rxb7 g5 35. Rc7 Nb8 36. Bd4+ 1-0

[Event "SR 4. liga A21 2010/2011"]
[Site "?"]
[Date "2011.02.20"]
[Round "9.6"]
[White "Kurinec, Jozef"]
[Black "Vach, Jozef"]
[Result "1/2-1/2"]
[WhiteElo "1837"]
[BlackElo "1900"]
[PlyCount "96"]
[EventDate "2010.??.??"]

1. e4 e5 2. Nf3 Nc6 3. Bc4 Be7 4. d4 d6 5. h3 Nf6 6. Nc3 a6 7. a3 b5 8. Ba2 Bb7
9. d5 Nb8 10. O-O h6 11. Be3 O-O 12. Nh2 Nbd7 13. Ng4 Nxg4 14. Qxg4 Nf6 15. Qg3
Kh7 16. f4 Nh5 17. Qf3 Nxf4 18. Bxf4 exf4 19. Qxf4 Bf6 20. Qf3 Qe7 21. Qd3 g6
22. Rae1 Rae8 23. Nd1 Bg7 24. c3 Bc8 25. Nf2 Qd8 26. Bb1 Re5 27. Qd1 Rg5 28.
Re3 h5 29. Rf3 Qe7 30. Re1 Re8 31. Nd3 Be5 32. Nxe5 Rxe5 33. Ref1 Rf8 34. Qd2
f5 35. exf5 Bxf5 36. Bxf5 Rexf5 37. Rxf5 Rxf5 38. Rxf5 gxf5 39. Kf2 Qe4 40. b3
Kg6 41. Kg1 Qb1+ 42. Kf2 Qxb3 43. g4 hxg4 44. hxg4 fxg4 45. Qd3+ Kg5 46. Qe3+
Kf5 47. Qd3+ Kf6 48. Qd4+ Ke7 1/2-1/2

[Event "SR 4. liga A21 2010/2011"]
[Site "?"]
[Date "2011.02.20"]
[Round "9.6"]
[White "Planka, Peter"]
[Black "Adamec, Jozef"]
[Result "1-0"]
[WhiteElo "1798"]
[BlackElo "1444"]
[PlyCount "53"]
[EventDate "2010.??.??"]

1. e4 e5 2. Nf3 d6 3. d4 exd4 4. Nxd4 Nf6 5. Nc3 Nbd7 6. Bg5 Be7 7. Bd3 O-O 8.
O-O h6 9. Be3 c6 10. Nf5 Ne5 11. Nxe7+ Qxe7 12. f3 Ng6 13. Qd2 Kh8 14. Rad1 Be6
15. Rfe1 Ne5 16. Bf1 Ne8 17. b3 Qf6 18. Qf2 b6 19. Bd4 Qg6 20. f4 Ng4 21. Qg3
Qh5 22. f5 Bc8 23. Be2 Bxf5 24. exf5 Qxf5 25. Bxg4 Qxc2 26. Rxe8 Qxd1+ 27. Bxd1
1-0

[Event "SR 4. liga A21 2010/2011"]
[Site "?"]
[Date "2011.03.06"]
[Round "10.1"]
[White "Brisudova, Veronika"]
[Black "Kicinja, Jan"]
[Result "1/2-1/2"]
[WhiteElo "1797"]
[BlackElo "1808"]
[PlyCount "36"]
[EventDate "2010.??.??"]

1. e4 c5 2. Nf3 Nc6 3. d4 cxd4 4. Nxd4 d6 5. Nc3 Bd7 6. Be2 g6 7. O-O Bg7 8.
Be3 Nf6 9. Qd2 O-O 10. f3 a6 11. Rad1 Rc8 12. Rf2 Qc7 13. a3 Nxd4 14. Bxd4 Bc6
15. Bc4 Bxe4 16. Bxf7+ Rxf7 17. fxe4 Rcf8 18. Rdf1 Nd7 1/2-1/2

[Event "SR 4. liga A21 2010/2011"]
[Site "?"]
[Date "2011.03.06"]
[Round "10.1"]
[White "Florek, Jozef"]
[Black "Harasta, Marian"]
[Result "0-1"]
[WhiteElo "1533"]
[BlackElo "1663"]
[PlyCount "88"]
[EventDate "2010.??.??"]

1. e4 c5 2. Bc4 Nc6 3. Nf3 d6 4. h3 e5 5. Nc3 Nf6 6. d3 h6 7. Nd5 Be7 8. O-O
Be6 9. a3 Nd4 10. Nxd4 cxd4 11. Nxf6+ Bxf6 12. Bb5+ Bd7 13. Bxd7+ Qxd7 14. Qh5
Rc8 15. Qe2 Qc6 16. f4 Qxc2 17. Rf2 Qxe2 18. Rxe2 Rc6 19. fxe5 dxe5 20. Rf2 Ke7
21. Bd2 Rhc8 22. g3 Rc2 23. Kg2 Ke6 24. Rb1 b6 25. b3 Ra2 26. a4 Rcc2 27. Rd1
Bg5 28. Be1 Be3 29. Rxc2 Rxc2+ 30. Kf3 a5 31. Ra1 Rb2 32. Ra3 Bc1 33. Ra1 Bd2
34. Bxd2 Rxd2 35. Rb1 Rxd3+ 36. Kf2 f5 37. exf5+ Kxf5 38. Rb2 h5 39. Ra2 g5 40.
Rb2 e4 41. Kg2 g4 42. h4 e3 43. Kf1 Ke4 44. Kg2 Rd2+ 0-1

[Event "SR 4. liga A21 2010/2011"]
[Site "?"]
[Date "2011.03.06"]
[Round "10.1"]
[White "Harasta, Juraj"]
[Black "Adamec, Jozef"]
[Result "1-0"]
[WhiteElo "1706"]
[BlackElo "1444"]
[PlyCount "73"]
[EventDate "2010.??.??"]

1. e4 e5 2. f4 exf4 3. Nf3 d6 4. Bc4 Be7 5. O-O Nh6 6. d4 Be6 7. Bb5+ c6 8. Ba4
Qb6 9. Bxf4 Qxb2 10. Nbd2 Qc3 11. Rb1 b6 12. Qe1 Ng4 13. Qg3 O-O 14. h3 Ne3 15.
Rfe1 Bf6 16. Bxe3 g6 17. Bb3 Bxb3 18. cxb3 Nd7 19. Qxd6 Bg7 20. Qxd7 Rfd8 21.
Qc7 Rdc8 22. Qf4 Qb4 23. Ne5 Qe7 24. Ndc4 f6 25. Nf3 g5 26. Qf5 Kh8 27. e5 Rf8
28. exf6 Bxf6 29. Nxg5 Bxg5 30. Qxg5 Qd7 31. Ne5 Qb7 32. Rf1 Rxf1+ 33. Rxf1 Qg7
34. Qxg7+ Kxg7 35. Rf7+ Kg8 36. Bh6 c5 37. Rg7+ 1-0

[Event "SR 4. liga A21 2010/2011"]
[Site "?"]
[Date "2011.03.06"]
[Round "10.1"]
[White "Jarabek, Milan"]
[Black "Dedacek, Miroslav"]
[Result "1-0"]
[WhiteElo "1522"]
[BlackElo "1595"]
[PlyCount "43"]
[EventDate "2010.??.??"]

1. d4 d5 2. c4 e6 3. Nc3 Nf6 4. Nf3 Nc6 5. cxd5 exd5 6. Bg5 Be7 7. e3 h6 8. Bf4
Bd6 9. Ne5 Ne7 10. Be2 c6 11. O-O O-O 12. Qc2 Bf5 13. Bd3 Bxd3 14. Qxd3 Qc7 15.
Bg3 Nh5 16. f4 Nxg3 17. hxg3 f6 18. Ng6 Nxg6 19. Qxg6 f5 20. Kf2 Rf6 21. Qh5
Re8 22. Qxe8+ 1-0

[Event "SR 4. liga A21 2010/2011"]
[Site "?"]
[Date "2011.03.06"]
[Round "10.1"]
[White "Kurinec, Jozef"]
[Black "Berger, Patrik"]
[Result "1-0"]
[WhiteElo "1837"]
[BlackElo "1720"]
[PlyCount "55"]
[EventDate "2010.??.??"]

1. e4 c5 2. Nf3 d6 3. d4 cxd4 4. Nxd4 Nf6 5. Bc4 Nxe4 6. Bxf7+ Kxf7 7. Qh5+ g6
8. Qd5+ e6 9. Qxe4 Bg7 10. Qf3+ Qf6 11. Qxf6+ Bxf6 12. Nb5 Na6 13. Nxd6+ Ke7
14. Ne4 Nb4 15. Na3 Bd7 16. Nxf6 Kxf6 17. Bd2 Nc6 18. Bc3+ e5 19. f4 Rhe8 20.
O-O Ke6 21. fxe5 Rf8 22. Nb5 Rac8 23. Nd6 Rxf1+ 24. Rxf1 Rc7 25. Rf6+ Kd5 26.
Nb5 Rc8 27. Rd6+ Kc4 28. Na3+ 1-0

[Event "SR 4. liga A21 2010/2011"]
[Site "?"]
[Date "2011.03.06"]
[Round "10.2"]
[White "Drabek, Martin"]
[Black "Damborsky, Pavol"]
[Result "1-0"]
[WhiteElo "1499"]
[BlackElo "1649"]
[PlyCount "103"]
[EventDate "2010.??.??"]

1. e4 e5 2. Nf3 d6 3. Bc4 h6 4. h3 Nf6 5. Nc3 Be7 6. d3 a6 7. a3 Bd7 8. O-O O-O
9. Re1 c5 10. Nd5 Nxd5 11. Bxd5 Bc6 12. Bb3 Nd7 13. c3 Nf6 14. Nh4 Kh8 15. Nf5
Bd7 16. Qf3 Bxf5 17. Qxf5 Qd7 18. Qxd7 Nxd7 19. Bd5 Rab8 20. f4 Nf6 21. fxe5
dxe5 22. c4 b6 23. Bd2 a5 24. Rab1 Nxd5 25. exd5 Bd6 26. Re4 f5 27. Re2 f4 28.
Rbe1 f3 29. gxf3 Rxf3 30. Re3 Rbf8 31. Bc3 Rxe3 32. Rxe3 Rf5 33. Kg2 h5 34. Rf3
Rf4 35. Bd2 Rf6 36. Kf2 Kh7 37. Bg5 Rxf3+ 38. Kxf3 Kg6 39. Bd8 Kf5 40. a4 g5
41. Bxb6 g4+ 42. hxg4+ hxg4+ 43. Kg2 Kf4 44. Bxa5 Ke3 45. Bb6 Kxd3 46. a5 Kxc4
47. a6 Kxd5 48. a7 Kc6 49. a8=Q+ Kxb6 50. Qg8 Kb5 51. Qxg4 e4 52. Qd7+ 1-0

[Event "SR 4. liga A21 2010/2011"]
[Site "?"]
[Date "2011.03.06"]
[Round "10.2"]
[White "Dubecky, Ladislav"]
[Black "Danihel, Jozef"]
[Result "1-0"]
[WhiteElo "1551"]
[BlackElo "1552"]
[PlyCount "121"]
[EventDate "2010.??.??"]

1. e4 d5 2. e5 c5 3. f4 h5 4. Nf3 Bf5 5. d4 e6 6. Bb5+ Nc6 7. O-O Qb6 8. Bxc6+
bxc6 9. c3 Be7 10. Nbd2 cxd4 11. cxd4 Nh6 12. h3 Bd3 13. Re1 Nf5 14. Qa4 Bh4
15. Nxh4 Nxh4 16. Nb3 Be4 17. Re2 Qb5 18. Qxb5 cxb5 19. Nc5 Bf5 20. Bd2 Rh6 21.
Be1 Ng6 22. Rf2 Ne7 23. Kh2 Nc6 24. Rd2 h4 25. a3 Ke7 26. Bf2 Rhh8 27. Rc1 Na5
28. Rc3 Rac8 29. Rd1 Nc4 30. b4 f6 31. Rdc1 g5 32. exf6+ Kxf6 33. fxg5+ Kxg5
34. Re1 Rc6 35. Be3+ Kh5 36. Bf4 Rg8 37. Rb3 Rg6 38. Ra1 Nd6 39. a4 Be4 40. Rb2
Nf5 41. axb5 Rc8 42. Rxa7 Rcg8 43. Rh7+ Nh6 44. Nxe4 dxe4 45. b6 e5 46. Bxe5
Rxb6 47. d5 Kg6 48. Rc7 Kf5 49. Bd4 Rd6 50. Rf2+ Kg6 51. Rc6 Rxc6 52. dxc6 Nf5
53. Bc5 Kf6 54. b5 Ke6 55. b6 Nd6 56. Rd2 Nb5 57. c7 Nxc7 58. bxc7 Rc8 59. Bb6
Ke7 60. Rd8 e3 61. Rxc8 1-0

[Event "SR 4. liga A21 2010/2011"]
[Site "?"]
[Date "2011.03.06"]
[Round "10.2"]
[White "Pisecky, Jan"]
[Black "Rajcak, Milan"]
[Result "1-0"]
[WhiteElo "1529"]
[BlackElo "1000"]
[PlyCount "115"]
[EventDate "2010.??.??"]

1. Nf3 Nc6 2. d4 d5 3. c3 Nf6 4. h3 e6 5. Bf4 Be7 6. e3 O-O 7. Bd3 Ne4 8. Nbd2
f5 9. h4 Nf6 10. g3 Ng4 11. Bg5 h6 12. Bxe7 Qxe7 13. Nh2 e5 14. Nxg4 fxg4 15.
Be2 h5 16. Bb5 exd4 17. Bxc6 dxe3 18. Bxd5+ Kh8 19. fxe3 Qxe3+ 20. Qe2 Qxg3+
21. Kd1 Bd7 22. Ne4 Qf4 23. Qd2 Qf3+ 24. Kc2 c6 25. Ng5 Qxd5 26. Qxd5 cxd5 27.
Rad1 Rf2+ 28. Kb3 Bc6 29. Ne6 Re8 30. Nc7 Ree2 31. Nxd5 Rxb2+ 32. Kc4 Bxd5+ 33.
Rxd5 Rxa2 34. Rxh5+ Kg8 35. Rg5 Rf4+ 36. Kb3 Rg2 37. Rd1 a5 38. Rd8+ Rf8 39.
Rdd5 b6 40. h5 Rf7 41. Rd6 g3 42. Rxb6 Rg1 43. Rbg6 Rb1+ 44. Kc2 Rfb7 45. Rxg3
R1b6 46. Rxb6 Rxb6 47. Rg6 Rf6 48. Kb3 Rf7 49. h6 Kh7 50. Rxg7+ Rxg7 51. hxg7
Kxg7 52. Ka4 Kf7 53. Kxa5 Ke7 54. Kb6 Kd6 55. c4 Kd7 56. c5 Kc8 57. Kc6 Kb8 58.
Kd7 1-0

[Event "SR 4. liga A21 2010/2011"]
[Site "?"]
[Date "2011.03.06"]
[Round "10.2"]
[White "Planka, Peter"]
[Black "Cerovsky, Marian"]
[Result "1-0"]
[WhiteElo "1798"]
[BlackElo "1783"]
[PlyCount "57"]
[EventDate "2010.??.??"]

1. e4 e5 2. Nf3 Nc6 3. Bb5 a6 4. Ba4 Bc5 5. c3 b5 6. Bb3 Nf6 7. O-O O-O 8. d4
exd4 9. cxd4 Bb6 10. e5 Ne8 11. Bd5 h6 12. b3 b4 13. a3 Ba5 14. Bd2 Rb8 15. Qc2
Ne7 16. Bc4 d6 17. axb4 Bxb4 18. Bxb4 Rxb4 19. Bxa6 Bxa6 20. Rxa6 Ng6 21. Nbd2
Nf4 22. exd6 Nxd6 23. Ra4 Rxa4 24. bxa4 Qb8 25. Rb1 Qa7 26. Nc4 Ra8 27. Nxd6
cxd6 28. h3 Qxa4 29. Rb8+ 1-0

[Event "SR 4. liga A21 2010/2011"]
[Site "?"]
[Date "2011.03.06"]
[Round "10.3"]
[White "Bango, Lukas"]
[Black "Tomasovic, Martin"]
[Result "0-1"]
[WhiteElo "1261"]
[BlackElo "1474"]
[PlyCount "76"]
[EventDate "2010.??.??"]

1. d4 d5 2. Nf3 Nf6 3. Nc3 e6 4. Bg5 Be7 5. Bxf6 Bxf6 6. e3 Nc6 7. g3 Bd7 8.
Bg2 O-O 9. O-O a6 10. Re1 Re8 11. Qe2 Qe7 12. a3 Na5 13. Nd2 b5 14. b4 Nb7 15.
Nb3 Bc6 16. Nc5 Nd6 17. Rad1 Nc4 18. Qd3 Nb2 19. Qe2 Nxd1 20. Rxd1 a5 21. Nxb5
Bxb5 22. Qxb5 axb4 23. Qxb4 Reb8 24. Qc3 Rb6 25. Qd3 Rab8 26. c3 Qd6 27. e4 Qc6
28. exd5 exd5 29. c4 dxc4 30. Bxc6 cxd3 31. Nd7 Rb1 32. Nxb8 Rxd1+ 33. Kg2 Bxd4
34. Kf3 Ra1 35. Ke4 Rxa3 36. Bb5 d2 37. Be2 Bxf2 38. Nd7 Re3+ 0-1

[Event "SR 4. liga A21 2010/2011"]
[Site "?"]
[Date "2011.03.06"]
[Round "10.3"]
[White "Bjel, Lubos"]
[Black "Lezovic, Martin"]
[Result "0-1"]
[WhiteElo "1665"]
[BlackElo "1516"]
[PlyCount "64"]
[EventDate "2010.??.??"]

1. e4 e5 2. Nf3 Nc6 3. Bc4 Be7 4. c3 Nf6 5. d3 d6 6. Bg5 Be6 7. Bxe6 fxe6 8.
Qb3 Qc8 9. Nbd2 h6 10. Bxf6 Bxf6 11. h4 Qd7 12. g4 O-O-O 13. O-O-O g5 14. h5 d5
15. Kb1 Rhf8 16. Rhe1 Bg7 17. Re2 dxe4 18. Nxe4 Rxf3 19. Nc5 Na5 20. Qb4 Qd6
21. Qxa5 Kb8 22. Re4 b6 23. Rb4 Ka8 24. Qa6 Qxc5 25. d4 exd4 26. Rc4 Qa5 27.
Qxa5 bxa5 28. Rxc7 Be5 29. Rc5 Bd6 30. Rxa5 dxc3 31. Ra6 Rxf2 32. Raxd6 c2+ 0-1

[Event "SR 4. liga A21 2010/2011"]
[Site "?"]
[Date "2011.03.06"]
[Round "10.3"]
[White "Jablonicky, Boris"]
[Black "Bjel, Tomas"]
[Result "0-1"]
[WhiteElo "1745"]
[BlackElo "1743"]
[PlyCount "40"]
[EventDate "2010.??.??"]

1. c4 e6 2. Nc3 Nf6 3. Nf3 d5 4. cxd5 Nxd5 5. g3 b6 6. Bg2 Nxc3 7. bxc3 Bb7 8.
O-O Bd6 9. Re1 O-O 10. d4 Nd7 11. e4 e5 12. d5 Qe7 13. a4 a5 14. Bb2 f6 15. Nd2
f5 16. Nc4 Bc5 17. Rf1 f4 18. Qe2 Ba6 19. Bc1 f3 20. Bxf3 Bxc4 0-1

[Event "SR 4. liga A21 2010/2011"]
[Site "?"]
[Date "2011.03.06"]
[Round "10.3"]
[White "Jablonicky, Martin"]
[Black "Smrek, Peter"]
[Result "0-1"]
[WhiteElo "1884"]
[BlackElo "1882"]
[PlyCount "96"]
[EventDate "2010.??.??"]

1. d4 c5 2. Nf3 cxd4 3. Nxd4 Nc6 4. c4 g6 5. e4 Bg7 6. Be3 d6 7. Nc3 Nf6 8. Be2
O-O 9. Nc2 Ne8 10. Qd2 f5 11. O-O-O Nf6 12. exf5 Bxf5 13. h3 Rc8 14. g4 Be6 15.
b3 Qa5 16. Nd4 Bf7 17. f4 d5 18. Nxc6 bxc6 19. Nb1 Qa6 20. c5 Qb7 21. Bd4 Ne4
22. Qb2 Bxd4 23. Qxd4 Qc7 24. Qe3 Qa5 25. Rd4 Qxc5+ 26. Kb2 Qb6 27. Rxe4 dxe4
28. Qxe4 Bd5 29. Bc4 Qf2+ 30. Ka1 Qxf4 31. Bxd5+ cxd5 32. Qxd5+ Kg7 33. Re1
Qf6+ 34. Re5 Rfd8 35. g5 Qf7 36. Qe4 Rd7 37. Qg4 Rcd8 38. Qe2 Kf8 39. a4 Qxb3
40. Re3 Qxa4+ 41. Ra3 Qd4+ 42. Ka2 Qd5+ 43. Kb2 Rb8+ 44. Kc2 Rc7+ 45. Nc3 Qf5+
46. Kd1 Rb1+ 47. Nxb1 Qxb1+ 48. Kd2 Rc2+ 0-1

[Event "SR 4. liga A21 2010/2011"]
[Site "?"]
[Date "2011.03.06"]
[Round "10.3"]
[White "Lajda, Dusan"]
[Black "Kavon, Rastislav"]
[Result "1/2-1/2"]
[WhiteElo "1890"]
[BlackElo "1699"]
[PlyCount "37"]
[EventDate "2010.??.??"]

1. e4 c5 2. Nf3 Nc6 3. d4 cxd4 4. Nxd4 Nf6 5. Nc3 e5 6. Ndb5 d6 7. Bg5 a6 8.
Na3 b5 9. Bxf6 gxf6 10. Nd5 f5 11. exf5 Bxf5 12. c3 Bg7 13. Qf3 Be6 14. Nf6+
Qxf6 15. Qxc6+ Ke7 16. Rd1 Bd7 17. Qe4 Qe6 18. c4 f5 19. Qd5 1/2-1/2

[Event "SR 4. liga A21 2010/2011"]
[Site "?"]
[Date "2011.03.06"]
[Round "10.4"]
[White "Bendzela, Tibor"]
[Black "Ocko, Martin"]
[Result "1/2-1/2"]
[WhiteElo "1463"]
[BlackElo "1502"]
[PlyCount "62"]
[EventDate "2010.??.??"]

1. e4 e5 2. d4 Nc6 3. d5 Na5 4. a3 b6 5. Nc3 Nf6 6. Bd2 d6 7. f3 g6 8. Qe2 Bg7
9. O-O-O Nb7 10. Qf2 Nc5 11. Qh4 Bb7 12. Bh6 Nh5 13. Qxd8+ Rxd8 14. Bb5+ Nd7
15. Bxg7 Nxg7 16. Nge2 a6 17. Bc4 b5 18. Ba2 O-O 19. g4 Rc8 20. h4 h5 21. Ng3
Nf6 22. g5 Nd7 23. Nce2 Nb6 24. f4 Rfe8 25. f5 Rf8 26. Rhf1 a5 27. fxg6 fxg6
28. Rxf8+ Rxf8 29. Rf1 Rxf1+ 30. Nxf1 Ba6 31. Neg3 Kf7 1/2-1/2

[Event "SR 4. liga A21 2010/2011"]
[Site "?"]
[Date "2011.03.06"]
[Round "10.4"]
[White "Lanik, Miroslav"]
[Black "Danada, Tomas"]
[Result "1/2-1/2"]
[WhiteElo "1871"]
[BlackElo "1838"]
[PlyCount "42"]
[EventDate "2010.??.??"]

1. e4 c5 2. Nf3 Nc6 3. d4 cxd4 4. Nxd4 Nf6 5. Nc3 e6 6. Be2 Bb4 7. f3 d5 8.
exd5 Nxd5 9. Nxc6 bxc6 10. Bd2 O-O 11. O-O Bxc3 12. bxc3 Qb6+ 13. Kh1 Rd8 14.
Qc1 Rb8 15. Rb1 Qc7 16. c4 Rxb1 17. Qxb1 Nf4 18. Bxf4 Qxf4 19. Bd3 Ba6 20. Qb3
Rb8 21. Qc3 c5 1/2-1/2

[Event "SR 4. liga A21 2010/2011"]
[Site "?"]
[Date "2011.03.06"]
[Round "10.4"]
[White "Nemeckayova, Monika"]
[Black "Palka, Martin"]
[Result "1/2-1/2"]
[WhiteElo "1808"]
[BlackElo "1855"]
[PlyCount "31"]
[EventDate "2010.??.??"]

1. d4 Nf6 2. c4 g6 3. Nc3 d5 4. cxd5 Nxd5 5. e4 Nxc3 6. bxc3 Bg7 7. Be3 O-O 8.
Bc4 c5 9. Ne2 Nc6 10. Rc1 Bg4 11. f3 Na5 12. Bd3 cxd4 13. cxd4 Bd7 14. O-O b6
15. Nc3 Rc8 16. Qe2 1/2-1/2

[Event "SR 4. liga A21 2010/2011"]
[Site "?"]
[Date "2011.03.06"]
[Round "10.4"]
[White "Pagerka, Slavomir"]
[Black "Huska, Branislav"]
[Result "1/2-1/2"]
[WhiteElo "1742"]
[BlackElo "1503"]
[PlyCount "36"]
[EventDate "2010.??.??"]

1. e4 e5 2. Nf3 Nc6 3. Nc3 Nf6 4. d4 exd4 5. Nxd4 d6 6. Nxc6 bxc6 7. Bd3 Be7 8.
O-O O-O 9. Bg5 h6 10. Bh4 Nd7 11. Bxe7 Qxe7 12. Qf3 Qf6 13. Qxf6 Nxf6 14. Rfe1
Re8 15. Rad1 Rb8 16. b3 Bd7 17. Bc4 Be6 18. Bxe6 Rxe6 1/2-1/2

[Event "SR 4. liga A21 2010/2011"]
[Site "?"]
[Date "2011.03.06"]
[Round "10.4"]
[White "Tokos, Rastislav"]
[Black "Nemeckay, Rastislav"]
[Result "1/2-1/2"]
[WhiteElo "1933"]
[BlackElo "1770"]
[PlyCount "29"]
[EventDate "2010.??.??"]

1. e4 e6 2. d4 d5 3. Nc3 Nf6 4. e5 Nfd7 5. f4 c5 6. Nf3 Nc6 7. Be3 Qb6 8. Na4
Qa5+ 9. Nc3 cxd4 10. Nxd4 Bb4 11. Nb3 Bxc3+ 12. bxc3 Qxc3+ 13. Bd2 Qb2 14. Bc1
Qc3+ 15. Bd2 1/2-1/2

[Event "SR 4. liga A21 2010/2011"]
[Site "?"]
[Date "2011.03.06"]
[Round "10.5"]
[White "Baumgartner, Milan"]
[Black "Sadlon, Matus"]
[Result "1-0"]
[WhiteElo "1588"]
[BlackElo "1419"]
[PlyCount "109"]
[EventDate "2010.??.??"]

1. c4 c5 2. Nc3 e6 3. e4 Nc6 4. Bd3 Nf6 5. Nge2 Be7 6. O-O Nb4 7. Bb1 d5 8. d3
d4 9. Na4 e5 10. b3 Bd7 11. Nb2 b5 12. f4 Bd6 13. fxe5 Bxe5 14. Bg5 Qe7 15. Nf4
h6 16. Bxf6 Bxf6 17. a3 Na6 18. Nd5 Qd6 19. Nxf6+ gxf6 20. Qf3 O-O-O 21. Qxf6
Qxf6 22. Rxf6 Nc7 23. Rxf7 Rhg8 24. g3 Rg6 25. Bc2 Be6 26. Rf4 Bh3 27. Re1 Ne6
28. Rh4 Ng5 29. Bd1 Rf8 30. cxb5 Rgf6 31. Rf4 Rxf4 32. gxf4 Rxf4 33. Nc4 Nf3+
34. Bxf3 Rxf3 35. Ne5 Rf6 36. Rc1 Kb7 37. a4 Rf4 38. a5 Rf8 39. Nc4 Rg8+ 40.
Kf2 Rg2+ 41. Kf3 Rg5 42. Nd6+ Kb8 43. Nf7 Bg4+ 44. Kf4 Rg7 45. Nxh6 Be2 46.
Rxc5 Bxd3 47. Rd5 Rh7 48. Rxd4 Bxb5 49. Ng4 Be2 50. e5 Re7 51. Kf5 Kc7 52. Kf6
Rd7 53. Rxd7+ Kxd7 54. e6+ Ke8 55. Ne5 1-0

[Event "SR 4. liga A21 2010/2011"]
[Site "?"]
[Date "2011.03.06"]
[Round "10.5"]
[White "Pagac, Robert"]
[Black "Pericka, Pavol"]
[Result "1/2-1/2"]
[WhiteElo "1818"]
[BlackElo "1729"]
[PlyCount "99"]
[EventDate "2010.??.??"]

1. e4 e5 2. Nf3 Nc6 3. Bc4 Bc5 4. d3 h6 5. Nc3 Nf6 6. Be3 Bb6 7. a3 d6 8. Qd2
Nd4 9. Bxd4 Bxd4 10. Nxd4 exd4 11. Ne2 c5 12. f4 O-O 13. h3 d5 14. Bxd5 Nxd5
15. exd5 Qxd5 16. O-O Re8 17. Rae1 b6 18. Nc3 Qc6 19. Rxe8+ Qxe8 20. Re1 Qc6
21. Ne4 Bb7 22. Ng3 Re8 23. Rxe8+ Qxe8 24. Qe2 Qc6 25. Nf1 Kf8 26. Nd2 Qd5 27.
b3 Qf5 28. Qf2 Qe6 29. Qg3 b5 30. Qf2 a5 31. Kf1 Ke7 32. Nf3 f6 33. Nd2 Qd5 34.
Qe2+ Kf7 35. Qg4 g6 36. Qe2 Qf5 37. Qf2 Qh5 38. Ke1 Qd5 39. Kf1 Qe6 40. Kg1 Bd5
41. Kf1 Qc6 42. Qe2 Qc7 43. Qf2 Qb7 44. Qe2 a4 45. Qg4 h5 46. Qe2 Qa8 47. f5
axb3 48. fxg6+ Kxg6 49. cxb3 Qxa3 50. Qe8+ 1/2-1/2

[Event "SR 4. liga A21 2010/2011"]
[Site "?"]
[Date "2011.03.06"]
[Round "10.5"]
[White "Sadlon, Juraj"]
[Black "Zlamal, Marek"]
[Result "1-0"]
[WhiteElo "1873"]
[BlackElo "1519"]
[PlyCount "107"]
[EventDate "2010.??.??"]

1. e4 e5 2. Nf3 Nc6 3. Bc4 h6 4. O-O Nf6 5. d3 Bc5 6. Nc3 a6 7. Be3 Bxe3 8.
fxe3 b5 9. Bb3 O-O 10. Nd5 d6 11. Nxf6+ Qxf6 12. Bd5 Bd7 13. Nd4 Qg5 14. Nxc6
Qxe3+ 15. Rf2 Rae8 16. Qf3 Qb6 17. Na5 Qxa5 18. Bxf7+ Kh8 19. Qe3 Rc8 20. Raf1
Qb6 21. Qxb6 cxb6 22. c3 Rfd8 23. Bd5 Bc6 24. Bxc6 Rxc6 25. Rf7 d5 26. Rf8+
Rxf8 27. Rxf8+ Kh7 28. exd5 Rd6 29. c4 bxc4 30. dxc4 Kg6 31. Rc8 Kf5 32. Kf2 b5
33. b3 bxc4 34. bxc4 Rb6 35. c5 Rb2+ 36. Ke3 Rxa2 37. Rf8+ Kg5 38. d6 Rxg2 39.
d7 Rxh2 40. d8=Q+ Kg6 41. Qd3+ Kh5 42. Qf5+ g5 43. Qxe5 Rh1 44. Rf2 Re1+ 45.
Re2 Rf1 46. c6 a5 47. Qxa5 Rc1 48. c7 Rc6 49. Rh2+ Kg6 50. Ke4 Rc4+ 51. Kd5 Rf4
52. Qa6+ Kg7 53. c8=Q g4 54. Qc7+ 1-0

[Event "SR 4. liga A21 2010/2011"]
[Site "?"]
[Date "2011.03.06"]
[Round "10.5"]
[White "Spacek, Marcel"]
[Black "Vogl, Zdenek"]
[Result "0-1"]
[WhiteElo "1724"]
[BlackElo "1863"]
[PlyCount "128"]
[EventDate "2010.??.??"]

1. d4 e6 2. c4 Nf6 3. Nc3 Bb4 4. e3 b6 5. Bd3 Bb7 6. Nf3 Ne4 7. Qc2 Bxc3+ 8.
bxc3 Ng5 9. Nxg5 Qxg5 10. Be4 Bxe4 11. Qxe4 d5 12. cxd5 Qxd5 13. Qg4 g6 14. O-O
f5 15. Qf4 Qd6 16. e4 Qxf4 17. Bxf4 Kd7 18. exf5 exf5 19. Rfe1 Na6 20. a4 Rhe8
21. Be5 Nb8 22. f4 Nc6 23. Re3 Nxe5 24. dxe5 Rad8 25. Rd1+ Ke7 26. Red3 Rxd3
27. Rxd3 h6 28. Kf2 g5 29. g3 Rg8 30. Rd1 Rg6 31. Rc1 Rc6 32. Ke3 Rc4 33. h4
Re4+ 34. Kf3 g4+ 35. Kf2 Rxa4 36. Ke3 Ra2 37. Rg1 a5 38. Kd4 c6 39. Kc4 Rd2 40.
Kb3 b5 41. Ra1 a4+ 42. Kb4 Rd3 43. Rg1 Ke6 44. Rg2 h5 45. Rg1 a3 46. Kxa3 Rxc3+
47. Kb4 Rc4+ 48. Kb3 Rd4 49. Kc3 c5 50. Ra1 b4+ 51. Kc2 Rc4+ 52. Kb2 Rc3 53.
Ra6+ Kd5 54. Rf6 Rxg3 55. Rxf5 c4 56. Rf8 Rg2+ 57. Kc1 c3 58. Rd8+ Kc4 59. e6
b3 60. Rc8+ Kd3 61. Rd8+ Ke3 62. e7 b2+ 63. Kb1 Rg1+ 64. Kc2 b1=Q+ 0-1

[Event "SR 4. liga A21 2010/2011"]
[Site "?"]
[Date "2011.03.06"]
[Round "10.5"]
[White "Vepy, Ivan"]
[Black "Skapik, Branislav"]
[Result "1-0"]
[WhiteElo "1935"]
[BlackElo "1887"]
[PlyCount "61"]
[EventDate "2010.??.??"]

1. e4 d5 2. exd5 Nf6 3. Nf3 Nxd5 4. d4 Bg4 5. Be2 e6 6. O-O Bd6 7. Ne5 Bxe2 8.
Qxe2 Nc6 9. Nxc6 bxc6 10. c4 Nf4 11. Qf3 g5 12. Qxc6+ Ke7 13. Nc3 Bb4 14. Qb5
c5 15. Bxf4 gxf4 16. Qb7+ Qd7 17. Qe4 Bxc3 18. bxc3 Qc7 19. d5 e5 20. Rfe1 Kf6
21. Rad1 Qd6 22. Rd3 h5 23. Rh3 Rag8 24. Kh1 Rg4 25. Qf3 Qd7 26. d6 h4 27. Rd1
Rhg8 28. g3 hxg3 29. fxg3 Ke6 30. Rh5 f6 31. Qd5# 1-0

[Event "SR 4. liga A21 2010/2011"]
[Site "?"]
[Date "2011.03.06"]
[Round "10.6"]
[White "Matejovic, Ludovit"]
[Black "Kupkovic, Miroslav"]
[Result "0-1"]
[WhiteElo "1610"]
[BlackElo "1818"]
[PlyCount "106"]
[EventDate "2010.??.??"]

1. e4 e6 2. Nc3 d5 3. exd5 exd5 4. d4 Bf5 5. Bf4 c6 6. Bd3 Bxd3 7. Qxd3 Bd6 8.
Qe3+ Ne7 9. Bxd6 Qxd6 10. O-O-O O-O 11. Re1 Nf5 12. Qe5 Qxe5 13. dxe5 Re8 14.
f4 f6 15. Nf3 Nd7 16. exf6 Nxf6 17. h3 Ng3 18. Rxe8+ Rxe8 19. Re1 Rxe1+ 20.
Nxe1 Nfh5 21. Nd3 d4 22. Nd1 Ne2+ 23. Kd2 Nhxf4 24. g4 Nxd3 25. Kxd3 Nf4+ 26.
Kxd4 Nxh3 27. Ke5 Kf7 28. Kd6 Kg6 29. c4 Kg5 30. Ne3 Kf4 31. Nf5 g6 32. Nh6 Kg5
33. c5 Kxh6 34. Kc7 Nf4 35. a3 Ne6+ 36. Kxb7 Nxc5+ 37. Kxc6 Nb3 38. a4 a5 39.
Kb5 Kg5 40. Kc4 h5 41. gxh5 gxh5 42. Kxb3 h4 43. Kc4 h3 44. Kb5 h2 45. Kxa5
h1=Q 46. b4 Qa8+ 47. Kb5 Qb7+ 48. Ka5 Kf6 49. b5 Ke6 50. b6 Kd6 51. Kb5 Qc6+
52. Ka5 Kc5 53. Ka6 Qxb6# 0-1